000 01713nam a2200397 i 4500
003 DO-SdBNP
005 20260321073646.0
007 ta
008 250221b2019 dr ab || |||| 00| 0 spa d
020 _a9789945805161
040 _aDO-SdBNP
_bspa
_cBNPHU
_erda
041 _aspa
082 4 _a923.27293
_bB742N
_222
100 1 _aNuñez Polanco, Diómedes,
_d1952-
_eautor
_4aut.
_983559
245 1 0 _aJuan Bosch :
_bética, pasión y patria /
_cDiómedes Núñez Polanco ; prólogo, Marcio Veloz Maggolo ; asesor editorial, Miguel Collado ; cuidado de la edición, Aimara Vera.
250 _aPrimera edición
264 4 _aSanto Domingo :
_bEditor Biblioteca Nacional,
_c©2019.
300 _a298 páginas :
_bilustraciones, retratos ;
_c23 cm.
336 _atexto
_btxt
_2rdacontent
337 _asin mediación
_bn
_2rdamedia
338 _avolumen
_bnc
_2rdacarrier
500 _aIncluye datos biográficos del autor en las solapas.
500 _aIncluye referencias bibliográficas y notas al pie de las páginas.
500 _aLa biblioteca posee 1 ejemplar autografiado por el autor.
504 _aBibliografía : páginas 302-305
590 _aInventariado, 2025/BT
600 1 0 _a Bosch, Juan,
_d1909-2001
_976555
650 7 _a Presidentes
_zRepública Dominicana
_v Biografías
_91288
650 7 _aAutores dominicanos
_ySiglo XX
_vBiografías
_938197
651 7 _aRepública Dominiicana
_xPolítica y gobierno
_y1961-
_9204
700 1 _aVeloz Maggiolo, Marcio,
_d1936-2021
_eprologuista
_4pr.
_91104
700 1 _aCollado, Miguel A.,
_d1954-
_eeditor
_4ed.
_924696
700 1 _aVera, Aimara,
_eedición
_4ed.
_977925
910 _aBtavárez/Validado. Control de calidad MFF
942 _2ddc
_cLBS1
999 _c58163
_d58163